Juventus Buteurs - Statistiques

Statistiques générales
  • Ce quiz a été pris 229 fois
  • Le résultat moyen est 4 sur 25
Statistiques - réponses
Nb Buts Joueur Top % Correct
101 Cristiano Ronaldo 14
83%
171 David Trezeguet 4
58%
289 Alessandro Del Piero 1
45%
104 Michel Platini 13
39%
65 Pavel Nedved 23
34%
115 Paulo Dybala 11
32%
115 Roberto Baggio 10
30%
66 Gonzalo Higuain 22
21%
89 Filippo Inzaghi 16
6%
165 Omar Sivori 5
5%
179 Giampiero Boniperti 2
4%
179 Roberto Bettega 3
3%
154 Felice Borel 6
2%
105 John Charles 12
2%
63 Bruno Nicole 24
1%
69 Fabrizio Ravanelli 20
1%
117 Federico Munerati 9
1%
78 Giovanni Ferrari 18
1%
100 Guglielmo Gabetto 15
1%
124 John Hansen 8
1%
130 Pietro Anastasi 7
1%
85 Raimundo Orsi 17
1%
69 Ermes Muccinelli 21
0%
72 Franco Causio 19
0%
59 Giampaolo Menichelli 25
0%
Aucun quiz correspondant
Distribution des résultats
% des personnes avec chaque résultat
Percentile par nombre de réponses
Votre historique - résultats
Vous n’avez pas pris ce quiz